000
00335nam a22001457a 4500
082
_a
620.1
100
_a
R. C. Hibbeler
245
_a
Engineering Mechanics Statics Dynamics
250
_a
11th ed.
300
_a
838 p. x.
_b
ill.
500
_a
Include index
650
_a
Mechanics, Applied
700
_a
Ashok Gupta
942
_c
BK
999
_c
488926
_d
488926